000 00884pam a2200277 a 4500
999 _c2218
_d2218
003 OSt
005 20210707081621.0
008 880708s1988 ctua b 001 0 eng c
020 _a0838586805
040 _cDLC
050 1 0 _aRT84.5
_b.W34 1988
060 _aWY 86 W181s
100 1 _aWalker, Lorraine Olszewski.
245 1 0 _aStrategies for theory construction in nursing /
_cLorraine Olszewski Walker, Kay Coalson Avant.
250 _a2nd ed.
260 _aNorwalk, Conn. :
_bAppleton & Lange,
_cc1988.
300 _axi, 227 p. :
_bill. ;
_c23 cm.
504 _aIncludes bibliographies and index.
650 0 _aNursing
_xPhilosophy.
650 0 _aTheory (Philosophy)
650 2 _aModels, Theoretical
_xnurses' instruction.
650 2 _aPhilosophy, Nursing.
700 1 _aAvant, Kay Coalson.
906 _a7
_bcbc
_corignew
_d1
_eocip
_f19
_gy-gencatlg
942 _2lcc
_cBK
_nSO